000 01631nam a2200421 c 4500
001 20031
003 ES-MaCES
005 20231206040003.0
008 070508s2007 sp t 000 | spa d
017 _aNA 1171-2007
_bDL
020 _a9788483552780
035 _aCES20070005319m
040 _aES-MaCES
_bspa
_cES-MaCES
100 1 _aGonzález-Posada Martínez, Elías
_913876
245 1 4 _aLos aspectos laborales de la Ley orgánica para la igualdad efectiva de mujeres y hombres
_b: análisis y comentarios a la Ley orgánica para la igualdad efectiva de mujeres y hombres : (BOE núm. 71 de 23 marzo 2007)
_cElías González-Posada Martínez, Herminia Robles Cifuentes
260 _aCizur Menor (Navarra)
_bThomson Aranzadi
_c[2007]
300 _a196 p.
_c24 cm
490 1 _aPunto de actualidad legal
500 _aAnexo normativo: p. 117-196
541 _cCompra
650 4 _amujeres
_928657
650 4 _adiscriminación por razones de sexo
_929521
650 4 _aigualdad de oportunidades
_927183
650 4 _atrabajadora
_928413
650 4 _aigualdad de oportunidades en el empleo
_930649
650 4 _aEspaña
_926964
650 4 _alegislación
_927153
650 4 _a2007
_931880
650 4 _atexto
_929624
650 4 _acomentario
_928971
653 1 0 _aDerecho del trabajo y Seguridad Social
700 1 _aRobles Cifuentes, Herminia
_922185
710 1 _aEspaña
_tLey orgánica para la igualdad efectiva de mujeres y hombres, 2007
_93183
830 0 _aPunto de actualidad legal
_934189
902 _aLIB Libro
942 _2CES
_cBK
_h6.0.1.
999 _c20031
_d20031